00493nam a2200169Ia 450000500170000000800410001702000150005808200080007310000110008124500150009226000510010730000130015850000400017194200060021195200910021799900150030820250425060729.0240331s9999 xx 000 0 und d a9559625489 a891 aBova,S 0aAnunge lea aColombobViya sooriya Kandra Kentharaiyac1998 a365 p ., aTranslation of Blood of others book cL 001040708LaWERCLbWERCLcSSCd2024-03-31l0o BOVp4345r2024-03-31w2024-03-31yL c4810d4810